书目信息 |
| 题名: |
最新家用录放像析拆卸调整维修手册(14):日立VT-P100(DH)放像机
|
|
| 作者: | 本书编写组 编 | |
| 分册: | ||
| 出版信息: | 北京 人民邮电出版社 1996.05 |
|
| 页数: | 95页 | |
| 开本: | 16开 | |
| 丛书名: | ||
| 单 册: | ||
| 中图分类: | TN946-62 | |
| 科图分类: | ||
| 主题词: | 录象系统 | |
| 电子资源: | ||
| ISBN: | 7-115-06062-2 | |
| 000 | 00705nam0 2200205 45 | |
| 001 | 0004041754 | |
| 005 | 20000404172407.4 | |
| 010 | @a7-115-06062-2@d16.00元 | |
| 100 | @a20000404d1996 km y0chiy0120 ea | |
| 101 | @achi | |
| 105 | @a z 000yy | |
| 200 | 1 | @a最新家用录放像析拆卸调整维修手册(14):日立VT-P100(DH)放像机@AZui Xin Jia Yong Lu Fang Xiang Xi Chai Xie Diao Zheng Wei Xiu Shou Ce(14):Ri Li VT-P100(DH)Fang Xiang Ji@f本书编写组编@FBen Shu Bian Xie Zu Bian |
| 205 | @a1 | |
| 210 | @a北京@c人民邮电出版社@d1996.05 | |
| 215 | @a95页@d16开 | |
| 606 | 0 | @a录象系统 |
| 690 | @aTN946-62@v3 | |
| 701 | @a本书编写组@4编 | |
| 801 | @aCN@bPftUser@c20000404 | |
| 905 | @f1@b52536@dTN946-62@eB:071:14 | |
| 最新家用录放像析拆卸调整维修手册(14):日立VT-P100(DH)放像机/本书编写组编.-1.-北京:人民邮电出版社,1996.05 |
| 95页;16开 |
| ISBN 7-115-06062-2:16.00元 |
| ● |
| 相关链接 |
|
|
|
正题名:最新家用录放像析拆卸调整维修手册(14):日
索取号:TN946-62/B:071:14
 
预约/预借
| 序号 | 登录号 | 条形码 | 馆藏地/架位号 | 状态 | 备注 |
| 1 | 52536 | 200525360 | 自科二线404/404自科库 23排5列4层/ [索取号:TN946-62/B:071:14] | 在馆 |